Las boletas de depósitos de anticipos como declaración jurada (Registro nro. 27557)

Detalles MARC
000 -LEADER
fixed length control field 00354 a2200109 4500
001 - CONTROL NUMBER
control field ART_18458
005 - DATE AND TIME OF LATEST TRANSACTION
control field 20260410161919.0
008 - FIXED-LENGTH DATA ELEMENTS--GENERAL INFORMATION
fixed length control field 260409a
100 1# - MAIN ENTRY--PERSONAL NAME
Personal name Tarantino, Jacinto R.
245 10 - TITLE STATEMENT
Title Las boletas de depósitos de anticipos como declaración jurada
773 0# - HOST ITEM ENTRY
Title La información
Related parts - Tomo XXXIV, Nº 562 (oct. 1976)
Record control number REV14902

No hay ítems disponibles.